000 01192nac a22003617a 4500
001 BR9700764
003 BR-BrBNA
005 20240105121844.0
008 230509b bl.|||m| |||| 00| 0 por d
040 _aBR-BrBNA
_bpor
_cBiblioteca Nacional de Agricultura
072 _aP36; P11
090 _aP36 BR9700764
100 1 _aBertolini, D.
100 1 _aKroll, F.M.
100 1 _aLombardi Neto, F.
100 1 _aCrestana, M. de S.M.
100 1 _aDrugowich, M.I.
100 1 _aElias, R.
100 1 _aCorrea, R.O.
100 1 _aBellinazzi Junior, R.
110 1 _aCoordenadoria de Assistencia Tecnica Integral, Campinas, SP (Brasil)
245 1 _aManual tecnico de manejo e conservacao do solo. v. 5. Tecnologias disponiveis para a implementacao de tecnicas complementares no solo
260 3 _aCampinas, SP (Brasil):
_c1994.
300 _a127 p.
490 _aManual - Coordenadoria de Assistencia Tecnica Integral (Brazil)
_vno. 42
_x
500 _a52 illus.; 29 tables
650 _aConservacao do Solo
650 _aErosao do Solo
650 _aManejo de Agua
650 _aDrenagem
909 _a202312
_bLúcia Elande
_c55
_dLúcia Elande
942 _2AGRIS
_n0
_cMS
999 _c287858
_d287858